Italienisch die Familie lernen - Statistiken

Allgemein
  • Dieses Quiz wurde 31 mal gespielt
  • Das Durchschnittsergebnis liegt bei 8 aus 19
Antwortstatistiken
Deutsch Italienisch % Korrekt
Familie Famiglia
84%
Mutter Madre
72%
Vater Padre
72%
Bruder Fratello
64%
Großmutter Nonna
60%
Schwester Sorella
60%
Kinder Bambini
56%
Großvater Nonno
48%
Tante Zia
36%
Onkel Zio
36%
Baby Bambino
28%
Eltern Genitori
28%
Großeltern Nonni
28%
Vetter Cugino
20%
Urgroßmutter Bisnonna
16%
Urgroßeltern Bisnonni
16%
Urgroßvater Bisnonno
16%
Erwachsene Adulto
12%
Jugendliche Adolescenti
4%
Keine übereinstimmenden Quizze gefunden
Verteilung der Resultate
Anzahl Personen mit jedem Resultat
Perzentil nach korrekt beantworteten Fragen
Ihre Resultats-Entwicklung
Sie haben dieses Quiz noch nicht gespielt